| 000 | 00536nam a2200217Ia 4500 | ||
|---|---|---|---|
| 003 | OSt | ||
| 005 | 20230619100050.0 | ||
| 008 | 210423s1955 xx 000 0 und d | ||
| 040 | _cAL | ||
| 041 | _aeng | ||
| 082 |
_a307.72 _223 _bSRII |
||
| 100 |
_aSRINIVAS (M N),Ed _9101794 |
||
| 245 | _aIndias villages | ||
| 260 |
_aBombay _bMedia Promoters Publishers _c1955 |
||
| 300 | _bPB | ||
| 365 |
_b25 _cINR |
||
| 650 |
_aRural Communities _9101795 |
||
| 650 |
_aSociology _9101796 |
||
| 906 | _aIndias ; villages | ||
| 942 |
_2ddc _cBK |
||
| 999 |
_c171805 _d171805 |
||